Générique Les Entrechats - Paroles - Statistiques

Statistiques générales
  • Ce quiz a été pris 35 fois
  • Le résultat moyen est 16 sur 22
Statistiques - réponses
Paroles % Correct
Chats de bonnes {manières}
97%
Et des chats de {gouttière}
97%
Les {Entrechats} sont là, ah, ah, ah
97%
Où qu'ils soient ils font la {loi}
97%
Rif-Raf fait le roi {malin}
93%
Isidore le {citadin}
90%
Les {Entrechats} sont là
86%
Où qu'ils soient ils font la {loi}
86%
Les chats sont {là}
83%
Dans la ville, crie {victoire}
79%
Isidore le {citadin}
79%
Les chats sont {là}
79%
Rif-Raf fait le roi {malin}
79%
Sur l'trottoir et l'{dépotoir}
76%
Les chats sont {rois}
69%
Les chats sont {rois}
66%
Dans la ville, crie {victoire}
62%
Isidore chez ses bons {maîtres}
62%
Rif-Raf fait ses mauvaises {têtes}
45%
Braves matous et chats {voyous}
38%
Rif-Raf à l'abri dans son {fort}
34%
Sous son {édredon} Isidore
21%
Aucun quiz correspondant
Distribution des résultats
% des personnes avec chaque résultat
Percentile par nombre de réponses
Votre historique - résultats
Vous n’avez pas pris ce quiz